=LDR 00000nam 2200000 4500 =001 INLIS000000000038895 =005 20130612144543 =008 ***********************************ind** =035 ##$$a0010-061300000038895 =041 ##$$a ind =082 ##$$a 813 =090 ##$$a 813, Fol m1 =100 ##$$a FOLLET, Ken =245 ##$$a Malam diatas lautan/Ken fallet;Alih bahasa,B. Sendra Tanuwidjaja =260 ##$$a 2006 $b Jakarta =300 ##$$a 563 Hlm, 23 Cm =650 ##$$a FIKSI =700 ##$$a TANUWIDJAJA, Sendra =850 ##$$a NBPNMAT =990 ##$$a 92650/BPAP-NTB/2014